Pierre, Paul ou Jacques ? #2 - Statistiques

Statistiques générales
  • Ce quiz a été pris 398 fois
  • Le résultat moyen est 12 sur 15
Statistiques - réponses
Question Réponse % Correct
Palmade, humoriste. Pierre
100%
Brel, Chanteur. Jacques
93%
Cézanne, Peintre. Paul
90%
Eluard, Poètes. Paul
90%
Bachelet, Chanteur. Pierre
90%
Mirabel, humoriste. Paul
88%
Audiard, Réalisateur. Jacques
86%
Martin, Animateur. Jacques
83%
Corneille, Dramaturge. Pierre
81%
De Coubertin, Historien. Pierre
81%
Legros, Journaliste. Jacques
71%
Anka, Chanteur. Paul
71%
Arditi, Acteur. Pierre
71%
Chaban-Delmas, Homme Politique. Jacques
57%
Le Guen, Joueur et Entraineur de Football. Paul
52%
Aucun quiz correspondant
Distribution des résultats
% des personnes avec chaque résultat
Percentile par nombre de réponses
Votre historique - résultats
Vous n’avez pas pris ce quiz